000
00349pam a2200157a 44500
008
230515b2009 xxu||||| |||| 00| 0 eng d
020
_a
NULL
041
_a
ENGLISH
082
_a
617.5220/BAN
100
_a
BANSAL
245
_a
GENERAL SURGERY OUESTION & ANS
250
_a
1ST
260
_a
_b
C B S PUB
_c
2009
300
_a
178
650
_a
NULL
999
_c
560523
_d
560523